000 01207nam a2200325 a 4500
001 26781
003 BD-RjUL
005 20211209051051.0
008 140323s2012 enka d 000 0 eng
020 _a9780199696321 (alk. paper : pbk.)
035 _a(BD-RjUL)26852
040 _aDLC
_cDLC
_dDLC
_dBD-RjUL
_beng
041 _aeng
082 0 0 _aR 330.03
_223
_bBLD 2012
100 1 _aBlack, John,
_d1931-
_982307
245 1 2 _aA dictionary of economics /
_cJohn Black, Nigar Hashimzade, Gareth Myles.
246 1 4 _aOxford dictionary of economics
250 _a4th ed.
260 _aOxford ;
_aNew York :
_bOxford University Press,
_cc2012.
300 _a464 p. :
_bill. ;
_c20 cm.
490 0 _aOxford paperback reference
500 _a"Visit www.oup.com/uk/reference/resources/economics to find recommended web links for many entries"--P. 4 of cover.
505 0 _aPreface -- Dictionary -- Appendices: Institutional acronymns -- Nobel Prize winners -- The Greek alphabet -- Additional websites.
650 0 _aEconomics
_vDictionaries.
_910700
700 1 _aHashimzade, Nigar.
_982308
700 1 _aMyles, Gareth
_982309
942 _2ddc
_cREF
999 _c26781
_d26781